000 00628nam a22002297a 4500
001 00028914
005 20260425112120.0
008 260425b ag ||||| |||| 00| 0 spa d
020 _a8441308861
040 _aAR-CcCEOS
_bspa
_cAR-CcCEOS
041 _aspa
080 _a94:7(430)
090 _bGRU v.1
100 1 _aGrunfeld, Frederic V.
_91109
245 _aLos príncipes de Alemanía :
_bVolumen I /
_cFrederic V. Grunfeld
264 _aBarcelona :
_bFolio,
_c1998.
300 _a86 p. ;
_c24x18 cm.
490 _vAtlas culturales del mundo
650 0 _ahistoria
_990
655 0 _aarte
_9138
942 _2udc
_cBK
_n0
999 _c28966
_d28966